00422nam a2200097Ia 4500008004100000040002900041050002700070100002700097245015800124260004200282230222s9999||||xx |||||||||||||| ||und|| cChuka University Library aTHE LC 5148 bM83 2014 aNjoka, Benjamin Kinyua 0aRelationship between management needs of secondary school headteachers and the in-service training offered:a case of Meru South and Maara districts,Kenya aChuka University CollegebChukac2014